000 01201nam a22003497a 4500
003 CHAP
005 20220817042350.0
008 971013s1980 r 00010 d
010 _a42316
011 _a43288
035 _a47424
040 _cCHAP
082 _a338.9
_bF73
100 0 0 _aFranco, Alberto.
_942987
245 _aPolítica agraria y rural
260 _aSan José, C.R. :
_bInstituto Interamericano de Ciencias Agrícolas de la O.E.A.,
_c1980
300 _a167 p.
_b: gráfs.
490 _aSerie desarrollo institucional
_v; 7
590 _aBATCH-UPD
_b10
_c20130110
_lUCH01
_h0009
590 _aBATCH-UPD
_b10
_c20130110
_lUCH01
_h0955
590 _aBATCH-UPD
_b10
_c20130410
_lUCH01
_h0608
590 _aBATCH-UPD
_b10
_c20130914
_lUCH01
_h1155
590 _aCONVERSION
_b10
_c20130109
_lUCH01
_h1323
650 1 4 _aAgricultura
_xAspectos económicos.
650 1 4 _aDesarrollo rural.
_932067
650 1 4 _aPolítica agrícola.
_990283
830 0 _aSerie desarrollo institucional
_v; 7
_9104793
901 _aBK
942 _cLIBRO
949 _a338.9 F73
_bBC
_cLIBRO
_d33724000418141
_eLIBRO
_h39254
_i47424
_si
949 _a338.9 F73
_bBC
_cLIBRO
_d33724000418158
_eLIBRO
_fc.2
_h39255
_i47424
_si
999 _c42316
_d42316